000 00829namaa2200277 a 4500
001 vtls001232496
003 NLI
005 20210603150526.0
008 120330s1972 dcu i000 0 eng
039 9 _y201203302032
_zVLOAD
040 _aNLI
_cVTLS-2012_FOD
_eAACR2
041 0 _aeng
044 _adcu
082 0 4 _a320.54
110 1 _aUnited States.
_bExecutive Office of the President
_9618039
245 1 0 _aThe changes in the nations priorities in three years
260 _aWashington :
_bUnited States Government Printing Office,
_c1972
300 _a133 p. :
_bill. ;
_c1972
650 0 _aNations priorities
_9623080
650 0 _aNations
_9623081
887 _a
901 _aAD 140280
_b26.10.2010
902 _aU.S 320.54 Us 3 c
942 _2ddc
_cBKS
949 _AVIRTUAITEM
_D10000
_X100
_6ADX000140280ENG
999 _c460077
_d460077